Chemistry: (Record no. 183337)

000 -LEADER
fixed length control field 01194 a2200193 4500
003 - CONTROL NUMBER IDENTIFIER
control field Nust
005 - DATE AND TIME OF LATEST TRANSACTION
control field 20230713084304.0
020 ## - INTERNATIONAL STANDARD BOOK NUMBER
International Standard Book Number 0070105332
040 ## - CATALOGING SOURCE
Transcribing agency Nust
082 ## - DEWEY DECIMAL CLASSIFICATION NUMBER
Classification number 540,WAT
100 ## - MAIN ENTRY--PERSONAL NAME
Personal name Watkns , Kenneth
9 (RLIN) 113595
245 ## - TITLE STATEMENT
Title Chemistry:
Remainder of title Study Guide to Accompany /
Statement of responsibility, etc. Kenneth W Watkins
250 ## - EDITION STATEMENT
Edition statement 4th ed
260 ## - PUBLICATION, DISTRIBUTION, ETC.
Place of publication, distribution, etc. N Y,
Name of publisher, distributor, etc. Mc Graw Hill,
Date of publication, distribution, etc. 1991.
300 ## - PHYSICAL DESCRIPTION
Extent viii,460.p
505 ## - FORMATTED CONTENTS NOTE
Formatted contents note Tools of Chemistry (Page-1), Atoms Molecules and Ions (Page-21), Chemical Reactions 1: Chemical Equations and Reactions in Aqueous Solution (Page-43), Chemical Reactions II Mass Relationships (Page-60), The Gaseous State (Page-79), Thermochemistry (Page-99), Periodic Relationship among the Elements (Page-135), Chemical Bonding II: Molecular Geometry and Molecular Orbitals (Page-174), Physical Properties of Solutions (Page-216), Chemical Kinetics (Page-231), Chemical Equilibrium (Page-255), Acid Base Equilibria (Page-291), Solubility Equilibria (Page-314), Entropy Free Energy and Equilibrium (Page-331), Electrochemistry (Page-343), Nuclear Chemistry (Page-415), Organic Chemistry (Page-431), Industrial Chemistry (Page-456).
650 ## - SUBJECT ADDED ENTRY--TOPICAL TERM
Topical term or geographic name entry element Chemistry
942 ## - ADDED ENTRY ELEMENTS (KOHA)
Source of classification or shelving scheme
Koha item type Book
Call number prefix 540,WAT
Holdings
Withdrawn status Lost status Source of classification or shelving scheme Damaged status Not for loan Permanent Location Current Location Shelving location Date acquired Full call number Barcode Date last seen Price effective from Koha item type Public note
          Military College of Signals (MCS) Military College of Signals (MCS) General Stacks 12/12/2016 540,WAT MCS6379 12/08/2016 12/12/2016 Book Almirah No.77, Shelf No.4
© 2023 Central Library, National University of Sciences and Technology. All Rights Reserved.